000 00651nam a2200277Ia 4500
005 20260324135016.0
008 008 260324s9999 xx 000 0 eng d
020 _a9780203183380
037 _aEBOOK
040 _aCRL
040 _beng
040 _cCRL
041 _2eng
041 _aeng
084 _qCRL
100 _aPaul Lewis
_91190049
245 0 _aPolitical Parties in Post-Communist Eastern Europe
260 _bTaylor and Francis
260 _c2001
365 _a
365 _b46.99
856 _uhttp://www.taylorfrancis.com/books/9780203183380
942 _cEBOOK
999 _c1799630
_d1799630